000 00299nam a2200109Ia 4500
008 220204s9999 xx 000 0 und d
082 _a077
_bGOT
100 _aGotlop, Philip
245 0 _aThames and Hudson manual of professional photogaphy
260 _aLondon
_bThames and Hudson
_c1973
942 _cBK
999 _c25766
_d25766